000
00223 a2200097 4500
001
52996
100
_a
Vlack V
245
_a
Elements of Materials Science
260
_a
Long Land
_b
Addison Wesley
_c
090
_c
33320
_d
33320
942
_a
NUST-CAE
_c
M
_c
25915
999
_c
288069
_d
288069